Jsme připraveni na digitální budoucnost ?

Informačné technológie, využívanie internetu, odstraňovanie papierových formulárov, dostupnosť informácií, rýchlosť ich prenosu, šírka poskytovaných služieb - vplyv týchto faktorov na každodenný život a prácu študentov Fakulty informácií a manažmentu Univerzity Hradec Králové.

Gespeichert in:
Bibliographische Detailangaben
1. Verfasser: Hynek, Josef
Format: Buchkapitel
Sprache:Tschechisch
Schlagworte:
Tags: Tag hinzufügen
Keine Tags, Fügen Sie das erste Tag hinzu!

MARC

LEADER 00000naa$a2200000$$$4500
001 0018774
005 20221128124327.7
041 0 |a cze 
044 |a SK 
245 1 0 |a Jsme připraveni na digitální budoucnost ?  |c Josef Hynek 
520 |a Informačné technológie, využívanie internetu, odstraňovanie papierových formulárov, dostupnosť informácií, rýchlosť ich prenosu, šírka poskytovaných služieb - vplyv týchto faktorov na každodenný život a prácu študentov Fakulty informácií a manažmentu Univerzity Hradec Králové. 
610 2 0 |a technológie informačné 
610 2 0 |a internet 
610 2 0 |a využitie počítačov 
610 2 0 |a univerzity 
610 2 0 |a Česko 
100 1 |a Hynek, Josef